000 01200nam0a22002891 4500
001 rc\4023307
005 20260407194449.0
021 _aRU
_b[49-17009]
035 _a(NLR Aleph) 008087817
090 _a9164177
_c9164177
100 _a20130415d1949 |||y0rusy50 ca
101 0 _arus
102 _aRU
105 _ay b |||||
200 1 _aКаталог литературы, изданной Государственным издательством медицинской литературы в 1948 году
_fМ-во здравоохранения СССР. Гос. изд-во мед. литературы
210 _aМосква
_cИзд-во и тип. Медгиза
_d1949
215 _a24 с.
_d19
300 _aНа обл. загл.: Каталог изданий. 1948
512 0 _aКаталог изданий. 1948
606 _aМедицина
_jКаталоги книг
_2psbo
710 0 2 _aГосударственное издательство медицинской литературы
_3RU\NLR\AUTH\8810128665
_9754303
801 0 _aRU
_bNLR
_gpsbo
801 1 _aRU
_bELAR
_2rusmarc
852 _aNLR
_jС251-670/Г-72
942 _cBOOK
980 _aNB